[Event "Amantea U16"]
[Site "Amantea"]
[Date "2011.09.07"]
[Round "4"]
[White "Giampa, Gianvito"]
[Black "Cicero, Angelo"]
[Result "0-1"]
[WhiteElo "1395"]
[BlackElo "1551"]
[PlyCount "82"]
[EventDate "2011.09.04"]
[EventType "swiss"]
[EventRounds "8"]
[EventCountry "ITA"]
[SourceTitle "EXT 2014"]
[Source "ChessBase"]
[SourceDate "2013.11.20"]
[SourceVersion "1"]
[SourceVersionDate "2013.11.20"]
[SourceQuality "1"]

1. d4 Nf6 2. f4 g6 3. Nf3 d6 4. e3 Bg7 5. Bd3 0-0 6. c3 Re8 7. Qc2 Nc6 8. Nbd2 e5 9. fxe5 dxe5 10. Nxe5 Nxe5 11. dxe5 Rxe5 12. Nf3 Re8 13. h4 Ng4 14. Ng5 Nxe3 15. Bxe3 Rxe3+ 16. Kd2 Rg3 17. Nxh7 Rxg2+ 18. Kd1 Rxc2 19. Kxc2 Kxh7 20. h5 Kg8 21. h6 Bh8 22. h7+ Kg7 23. Raf1 Qd5 24. c4 Qg2+ 25. Kc3 Qg3 26. c5 Bf5 27. Rd1 Bxd3 28. Rxd3 Qe5+ 29. Kc4 Re8 30. Rh4 Qe6+ 31. Kc3 Qf6+ 32. Rdd4 Rd8 33. Rhf4 Qe7 34. Rxd8 Qxd8 35. Rd4 Qf6 36. b4 Kxh7 37. b5 Qxd4+ 38. Kb3 Qxc5 39. a4 Bc3 40. Ka2 Qb4 41. b6 Qb2# 0-1